[Event "Winnipeg TNT 2023.02"]
[Site "Winnipeg CAN"]
[Date "2023.02.14"]
[Round "2.8"]
[White "Crawford, Gary"]
[Black "Nouri, Basir"]
[Result "1-0"]
[WhiteElo "1611"]
[BlackElo "1420"]
[PlyCount "73"]
[EventDate "2023.02.07"]
[EventType "swiss"]
[EventRounds "4"]
[EventCountry "CAN"]

1. e4 e5 2. Nf3 d6 3. h3 Nf6 4. Nc3 c6 5. d4 exd4 6. Nxd4 Be7 7. Bd3 a6 8. O-O
O-O 9. Re1 Nbd7 10. Bf4 Qb6 11. Nf5 Qd8 12. Bxd6 Bxd6 13. Nxd6 Ne5 14. Nc4 Re8
15. Nxe5 Rxe5 16. f4 Re8 17. e5 Nd5 18. Nxd5 cxd5 19. b3 Qh4 20. Qf3 Qd8 21.
Rad1 b5 22. c4 Bb7 23. cxd5 Qb6+ 24. Kh2 Rad8 25. Be4 f6 26. d6 Bxe4 27. Qxe4
g6 28. Qd5+ Kh8 29. e6 Kg7 30. e7 Rd7 31. Qe6 Rdxe7 32. dxe7 Qxe6 33. Rxe6 Kf7
34. f5 gxf5 35. Rde1 Kg6 36. Rxa6 f4 37. Rb6 1-0

[Event "Winnipeg TNT 2023.02"]
[Site "Winnipeg CAN"]
[Date "2023.02.21"]
[Round "3.1"]
[White "Baron, Gustav"]
[Black "Dhillon, Iqvinder"]
[Result "0-1"]
[WhiteElo "2080"]
[BlackElo "1711"]
[PlyCount "90"]
[EventDate "2023.02.07"]
[EventType "swiss"]
[EventRounds "4"]
[EventCountry "CAN"]

1. e4 e6 2. d4 d5 3. Nd2 Nf6 4. e5 Nfd7 5. Bd3 c5 6. c3 Nc6 7. Ne2 Qb6 8. Nf3
cxd4 9. cxd4 Bb4+ 10. Bd2 Bxd2+ 11. Qxd2 Qb4 12. a3 Qxd2+ 13. Kxd2 Na5 14. Ke3
Nb3 15. Rab1 Nb6 16. Nd2 Nxd2 17. Kxd2 Nc4+ 18. Bxc4 dxc4 19. a4 Bd7 20. Ra1
Bc6 21. Nc3 Ke7 22. f4 Rhd8 23. Ke3 g6 24. Rhg1 a6 25. a5 Rac8 26. g4 f6 27. h4
fxe5 28. fxe5 Rf8 29. Raf1 b5 30. axb6 Rb8 31. Rxf8 Kxf8 32. Rf1+ Ke7 33. Rf2
Rxb6 34. Kf4 h6 35. g5 h5 36. Ke3 Rb3 37. Rc2 a5 38. Kd2 a4 39. Ne2 Bd5 40. Kc1
a3 41. bxa3 Rxa3 42. Nf4 c3 43. Nxd5+ exd5 44. Rf2 Ra1+ 45. Kc2 Ra2+ 0-1

[Event "Winnipeg TNT 2023.02"]
[Site "Winnipeg CAN"]
[Date "2023.02.21"]
[Round "3.2"]
[White "Boron, Anthony"]
[Black "Stordeur, Jackson"]
[Result "1/2-1/2"]
[WhiteElo "2022"]
[BlackElo "1641"]
[PlyCount "76"]
[EventDate "2023.02.07"]
[EventType "swiss"]
[EventRounds "4"]
[EventCountry "CAN"]

1. b3 e5 2. Bb2 Nc6 3. e3 Nf6 4. Bb5 d6 5. d4 exd4 6. Bxd4 Bd7 7. Bb2 Be7 8.
Nf3 O-O 9. Nbd2 Nb4 10. Bxd7 Qxd7 11. a3 Nc6 12. O-O Rad8 13. c4 d5 14. Qc2 Qg4
15. Ne5 Nxe5 16. Bxe5 c6 17. h3 Qg6 18. Qxg6 hxg6 19. b4 dxc4 20. Nxc4 Rd5 21.
Rfd1 Rfd8 22. Rxd5 Rxd5 23. Bb8 a6 24. Kf1 Ne4 25. Na5 Rd7 26. f3 Nc3 27. Be5
Nd5 28. Bd4 Kf8 29. Rc1 Bg5 30. Kf2 Ke8 31. Nc4 f6 32. Bc5 Kd8 33. Rc2 Kc7 34.
e4 Nf4 35. Bb6+ Kc8 36. g3 Nd3+ 37. Ke2 Nc1+ 38. Kf2 Nd3+ 1/2-1/2

[Event "Winnipeg TNT 2023.02"]
[Site "Winnipeg CAN"]
[Date "2023.02.21"]
[Round "3.3"]
[White "Bince, Rolando"]
[Black "Furda, Ievgeniia-Diana"]
[Result "1-0"]
[WhiteElo "1928"]
[BlackElo "1611"]
[PlyCount "85"]
[EventDate "2023.02.07"]
[EventType "swiss"]
[EventRounds "4"]
[EventCountry "CAN"]

1. e4 e5 2. Nf3 Nc6 3. Bc4 Nf6 4. d3 h6 5. O-O Be7 6. c3 O-O 7. Re1 d6 8. d4
exd4 9. cxd4 d5 10. exd5 Nxd5 11. Nc3 Be6 12. Bd3 Bf6 13. Be4 Nb6 14. Bxc6 bxc6
15. Ne4 Bd5 16. Nxf6+ Qxf6 17. Re5 Qg6 18. Re1 Qd6 19. Be3 Nc4 20. Qc2 Bxf3 21.
Qxc4 Qg6 22. Qf1 h5 23. Kh1 Bd5 24. f3 Kh7 25. Qf2 Rh8 26. b3 Kg8 27. Rac1 h4
28. h3 Qf6 29. Qd2 Qd6 30. Bf4 Qd7 31. Qf2 Rc8 32. Re3 Be6 33. Qd2 Rd8 34. Rd1
c5 35. d5 Bf5 36. Qe2 Bxh3 37. gxh3 Qxh3+ 38. Qh2 Qf5 39. Re5 Qg6 40. Rg1 Qb6
41. Rge1 Kh7 42. Qxh4+ Kg6 43. Rg1# 1-0

[Event "Winnipeg TNT 2023.02"]
[Site "Winnipeg CAN"]
[Date "2023.02.21"]
[Round "3.4"]
[White "Atem, James"]
[Black "MacPherson, Al"]
[Result "0-1"]
[WhiteElo "1809"]
[BlackElo "1672"]
[PlyCount "105"]
[EventDate "2023.02.07"]
[EventType "swiss"]
[EventRounds "4"]
[EventCountry "CAN"]

1. d4 d5 2. Nd2 c5 3. e3 Nf6 4. Ngf3 Nc6 5. c3 Bf5 6. Bb5 e6 7. Ne5 Qc7 8. Qa4
Rc8 9. Qxa7 cxd4 10. exd4 Nd7 11. Nxc6 bxc6 12. Qxc7 Rxc7 13. Be2 c5 14. Nf3 h6
15. Bb5 Bd6 16. dxc5 Rxc5 17. Nd4 Bg6 18. Be3 e5 19. Bxd7+ Kxd7 20. Nb3 Rb5 21.
Kd2 Rc8 22. Rhc1 Ke6 23. Ke2 f6 24. f4 Rc4 25. fxe5 fxe5 26. Kf2 Bf5 27. h3 g5
28. Kg1 Rc7 29. g4 Bg6 30. Kg2 Be4+ 31. Kg1 Bg6 32. Bf2 Bd3 33. Re1 Be4 34. Nd2
Rxb2 35. Nxe4 dxe4 36. Rxe4 Rxc3 37. a4 Rcc2 38. Rf1 Bc5 39. Kh1 Rxf2 40. Rxf2
Bxf2 41. a5 Bd4 42. Re1 Ra2 43. Rc1 Ra1 44. Rxa1 Bxa1 45. Kg2 Bd4 46. Kg3 Kd5
47. h4 Ke4 48. a6 Kd3 49. hxg5 hxg5 50. Kf3 e4+ 51. Kg2 Kd2 52. Kg3 e3 53. Kf3
0-1

[Event "Winnipeg TNT 2023.02"]
[Site "Winnipeg CAN"]
[Date "2023.02.21"]
[Round "3.6"]
[White "Letain, Cory"]
[Black "Klokow, John"]
[Result "1-0"]
[WhiteElo "1741"]
[BlackElo "1652"]
[PlyCount "91"]
[EventDate "2023.02.07"]
[EventType "swiss"]
[EventRounds "4"]
[EventCountry "CAN"]

1. e4 e5 2. f4 exf4 3. Nf3 g5 4. Bc4 Bg7 5. d4 h6 6. O-O Ne7 7. Nc3 c6 8. Qe2
O-O 9. Bd2 d6 10. h3 Nd7 11. Rae1 Nb6 12. Bd3 d5 13. b3 Bd7 14. Nd1 Re8 15. e5
Nf5 16. Bxf5 Bxf5 17. c3 Nd7 18. Nf2 Nf6 19. Nh2 Ne4 20. Nxe4 dxe4 21. Qh5 Bg6
22. Qg4 Bxe5 23. dxe5 Qxd2 24. Rd1 Qxc3 25. Qd7 h5 26. Qxb7 Qxe5 27. Qxc6 Rec8
28. Qb7 Qc5+ 29. Kh1 Qb6 30. Qe7 Qc5 31. Rd8+ Kg7 32. Qxc5 Rxc5 33. Rxa8 e3 34.
Re8 Bd3 35. Re1 f5 36. Nf3 g4 37. Ne5 Be4 38. hxg4 fxg4 39. Nd7 Bxg2+ 40. Kxg2
Rc2+ 41. Kh1 h4 42. Re4 Rf2 43. Ne5 g3 44. Ng4 Rxa2 45. Rxf4 g2+ 46. Kg1 1-0

[Event "Winnipeg TNT 2023.02"]
[Site "Winnipeg CAN"]
[Date "2023.02.21"]
[Round "3.7"]
[White "Klusa, Mark"]
[Black "Crawford, Gary"]
[Result "1-0"]
[WhiteElo "1626"]
[BlackElo "1611"]
[PlyCount "71"]
[EventDate "2023.02.07"]
[EventType "swiss"]
[EventRounds "4"]
[EventCountry "CAN"]

1. e4 e6 2. d4 d5 3. Nc3 dxe4 4. Nxe4 Bd7 5. Nf3 Bc6 6. Bd3 Nd7 7. Bf4 Ngf6 8.
Qe2 Be7 9. O-O O-O 10. Rad1 Nxe4 11. Bxe4 Bxe4 12. Qxe4 c6 13. Ne5 Nf6 14. Qf3
Nd5 15. Bd2 Bg5 16. c4 Nb6 17. b3 Bxd2 18. Rxd2 Qg5 19. Rfd1 Rad8 20. a4 Nd7
21. Nd3 Rfe8 22. Nf4 e5 23. Nh3 Qe7 24. d5 e4 25. Qf4 Nc5 26. d6 Qd7 27. Qe3 b6
28. a5 Re6 29. axb6 axb6 30. b4 Nd3 31. Ng5 Rxd6 32. Qxe4 f5 33. Qh4 h6 34. Nf3
g5 35. Qh5 Nxf2 36. Rxd6 1-0

[Event "Winnipeg TNT 2023.02"]
[Site "Winnipeg CAN"]
[Date "2023.02.21"]
[Round "3.8"]
[White "Roberts, Allan"]
[Black "March, John"]
[Result "1-0"]
[WhiteElo "1437"]
[BlackElo "1359"]
[PlyCount "95"]
[EventDate "2023.02.07"]
[EventType "swiss"]
[EventRounds "4"]
[EventCountry "CAN"]

1. c4 e6 2. Nc3 d5 3. Nf3 Nc6 4. e3 d4 5. exd4 Nxd4 6. b3 c5 7. Bb2 Bd6 8. Nxd4
cxd4 9. Ne4 e5 10. d3 Bb4+ 11. Nd2 Nf6 12. a3 Bc3 13. Bxc3 dxc3 14. Ne4 Nxe4
15. dxe4 Qxd1+ 16. Kxd1 f5 17. Bd3 O-O 18. exf5 Bxf5 19. Bxf5 Rxf5 20. Ke2 Raf8
21. f3 g5 22. Rac1 g4 23. Rxc3 e4 24. Rf1 exf3+ 25. gxf3 gxf3+ 26. Rfxf3 Rxf3
27. Rxf3 Rxf3 28. Kxf3 Kf7 29. Ke4 Ke6 30. b4 Kd6 31. a4 Kc6 32. h4 a6 33. Ke5
b5 34. axb5+ axb5 35. c5 h5 36. Kf5 Kd5 37. Kg5 Kc4 38. c6 Kxb4 39. c7 Ka3 40.
c8=Q b4 41. Qa6+ Kb3 42. Kxh5 Kc3 43. Qa5 Kc4 44. Qa1 b3 45. Qb1 Kc3 46. Kg6 b2
47. h5 Kb3 48. h6 1-0

[Event "Winnipeg TNT 2023.02"]
[Site "Winnipeg CAN"]
[Date "2023.02.21"]
[Round "3.9"]
[White "Zhang, Ziqin"]
[Black "Ling, Aiden"]
[Result "1/2-1/2"]
[WhiteElo "1098"]
[BlackElo "926"]
[PlyCount "116"]
[EventDate "2023.02.07"]
[EventType "swiss"]
[EventRounds "4"]
[EventCountry "CAN"]

1. e4 c5 2. Nc3 e6 3. Nf3 d5 4. exd5 exd5 5. d4 Nc6 6. Be3 Nf6 7. dxc5 Be6 8.
Nd4 Nxd4 9. Bxd4 Rc8 10. Bb5+ Nd7 11. Qe2 Bxc5 12. Bxg7 Rg8 13. Bh6 Rxg2 14.
O-O-O Rxf2 15. Qe1 Qf6 16. Rxd5 Qxh6+ 17. Kb1 Kd8 18. Rxc5 Rxc5 19. Qxf2 Qh5
20. Bxd7 Kxd7 21. Ne4 Bxa2+ 22. Kxa2 Qe5 23. Kb1 Qxe4 24. Rd1+ Kc6 25. Qf6+ Kb5
26. Qf1+ Qc4 27. Qxc4+ Rxc4 28. Rd7 Kc6 29. Rxf7 Rh4 30. Rf6+ Kd5 31. Rf5+ Ke4
32. Rf7 Rxh2 33. Rxb7 a5 34. Ra7 Rh5 35. c3 Rc5 36. Rxh7 Kd3 37. Rd7+ Kc4 38.
Rd4+ Kb5 39. b4 Rxc3 40. bxa5 Kxa5 41. Rd2 Kb4 42. Rb2+ Kc4 43. Ra2 Kb4 44.
Rb2+ Kc4 45. Rc2 Kb3 46. Rb2+ Ka4 47. Ra2+ Kb5 48. Rb2+ Kc6 49. Rc2 Rc5 50. Rc1
Kb5 51. Kb2 Kb4 52. Rb1 Ka4 53. Ra1+ Kb4 54. Ka2 Rc2+ 55. Kb1 Kb3 56. Ra6 Rc8
57. Rb6+ Ka3 58. Ra6+ Kb4 1/2-1/2

[Event "Winnipeg TNT 2023.02"]
[Site "Winnipeg CAN"]
[Date "2023.02.28"]
[Round "4.1"]
[White "Dhillon, Iqvinder"]
[Black "Bonness, Will"]
[Result "0-1"]
[WhiteElo "1711"]
[BlackElo "1856"]
[PlyCount "64"]
[EventDate "2023.02.07"]
[EventType "swiss"]
[EventRounds "4"]
[EventCountry "CAN"]

1. f4 d5 2. Nf3 Nf6 3. b3 Bg4 4. e3 e6 5. Bb2 Be7 6. Be2 O-O 7. O-O c5 8. Ne5
Bxe2 9. Qxe2 Qc7 10. d3 Nc6 11. Nd2 Rad8 12. e4 Rfe8 13. Ng4 d4 14. Nxf6+ Bxf6
15. e5 Be7 16. Ne4 Nb4 17. Qg4 Nd5 18. Rf3 Ne3 19. Rxe3 dxe3 20. Nf6+ Bxf6 21.
exf6 g6 22. Be5 Qa5 23. Qh4 Kh8 24. Re1 Qd2 25. Qg3 e2 26. Qf2 Qxc2 27. Rxe2
Qxd3 28. Re3 Qb1+ 29. Re1 Rd1 30. Rxd1 Qxd1+ 31. Qf1 Rd8 32. g3 Qc2 0-1

[Event "Winnipeg TNT 2023.02"]
[Site "Winnipeg CAN"]
[Date "2023.02.28"]
[Round "4.2"]
[White "Letain, Cory"]
[Black "Baron, Gustav"]
[Result "1/2-1/2"]
[WhiteElo "1741"]
[BlackElo "2080"]
[PlyCount "80"]
[EventDate "2023.02.07"]
[EventType "swiss"]
[EventRounds "4"]
[EventCountry "CAN"]

1. e4 c6 2. d4 d5 3. Nc3 dxe4 4. Nxe4 Bf5 5. Ng3 Bg6 6. N1e2 h6 7. Nf4 Bh7 8.
Be3 Nf6 9. Bd3 Bxd3 10. Nxd3 e6 11. O-O Nbd7 12. Qd2 Bd6 13. c3 h5 14. Bf4 Qc7
15. Rae1 O-O-O 16. Bxd6 Qxd6 17. Qf4 Qe7 18. Nf5 Qf8 19. Nd6+ Kb8 20. Nxf7+ Ka8
21. Nxh8 Qxh8 22. Rxe6 g5 23. Qf3 g4 24. Qe2 h4 25. Ne5 Qg8 26. Nxd7 Nxd7 27.
Re1 Nb8 28. Re8 Rxe8 29. Qxe8 Qxa2 30. Qe2 a5 31. b4 Qb3 32. Ra1 a4 33. Qa2
Qxc3 34. Qxa4+ Na6 35. d5 g3 36. hxg3 hxg3 37. dxc6 gxf2+ 38. Kxf2 Qd2+ 39. Kg1
Qe3+ 40. Kh1 Qh6+ 1/2-1/2

[Event "Winnipeg TNT 2023.02"]
[Site "Winnipeg CAN"]
[Date "2023.02.28"]
[Round "4.3"]
[White "Vaughan, Nathan"]
[Black "Bince, Rolando"]
[Result "1-0"]
[WhiteElo "1757"]
[BlackElo "1928"]
[PlyCount "81"]
[EventDate "2023.02.07"]
[EventType "swiss"]
[EventRounds "4"]
[EventCountry "CAN"]

1. e4 e6 2. d4 d5 3. Nc3 Bb4 4. e5 c5 5. a3 Bxc3+ 6. bxc3 Nc6 7. Qg4 g6 8. Nf3
Nge7 9. Bg5 Qa5 10. Bd2 Qc7 11. Bd3 Bd7 12. O-O Nf5 13. dxc5 Nxe5 14. Nxe5 Qxe5
15. Bf4 Qg7 16. Bxf5 exf5 17. Qe2+ Kd8 18. Qd3 Bc6 19. c4 d4 20. c3 Re8 21.
cxd4 Re4 22. Be5 f6 23. Bd6 Qd7 24. d5 Ba4 25. Qc3 Kc8 26. Rfe1 b6 27. Qxf6
bxc5 28. Rxe4 fxe4 29. Bxc5 Bc2 30. Qa6+ Qb7 31. Qe6+ Qd7 32. Qxd7+ Kxd7 33.
Rc1 Bd3 34. f3 Rb8 35. Bxa7 Rb3 36. c5 Rxa3 37. c6+ Kc8 38. Bc5 Rb3 39. d6 exf3
40. d7+ Kd8 41. Bb6+ 1-0

[Event "Winnipeg TNT 2023.02"]
[Site "Winnipeg CAN"]
[Date "2023.02.28"]
[Round "4.4"]
[White "Stordeur, Jackson"]
[Black "Furda, Ievgeniia-Diana"]
[Result "1/2-1/2"]
[WhiteElo "1641"]
[BlackElo "1661"]
[PlyCount "77"]
[EventDate "2023.02.07"]
[EventType "swiss"]
[EventRounds "4"]
[EventCountry "CAN"]

1. e4 e5 2. Nf3 Nc6 3. Bb5 a6 4. Ba4 b5 5. Bb3 Nf6 6. O-O Nxe4 7. Re1 Nc5 8.
Nxe5 Nxe5 9. Rxe5+ Ne6 10. d4 Bd6 11. Re1 O-O 12. Qg4 Qf6 13. c3 Bb7 14. Nd2
Ng5 15. h4 Ne6 16. Ne4 Bxe4 17. Rxe4 Qg6 18. Qxg6 hxg6 19. Be3 Rfe8 20. Re1 f5
21. d5 fxe4 22. dxe6 dxe6 23. Bg5 Rf8 24. Rxe4 Kh8 25. g3 Rae8 26. Be3 e5 27.
Kg2 c6 28. Kg1 c5 29. c4 Kh7 30. Kg2 b4 31. Ba4 Rc8 32. Bd7 Rcd8 33. Bc6 Rb8
34. Kg1 Rb6 35. Bd5 a5 36. Kf1 a4 37. Ke2 a3 38. b3 Rbb8 39. Bg5 1/2-1/2

[Event "Winnipeg TNT 2023.02"]
[Site "Winnipeg CAN"]
[Date "2023.02.28"]
[Round "4.5"]
[White "Roberts, Allan"]
[Black "Atem, James"]
[Result "0-1"]
[WhiteElo "1437"]
[BlackElo "1809"]
[PlyCount "116"]
[EventDate "2023.02.07"]
[EventType "swiss"]
[EventRounds "4"]
[EventCountry "CAN"]

1. Nf3 d5 2. c4 d4 3. b4 c6 4. d3 e5 5. a3 Nd7 6. g3 a5 7. b5 a4 8. bxc6 bxc6
9. Bg2 Bb7 10. O-O Ngf6 11. Bb2 Qb6 12. Nbd2 c5 13. Rb1 Qa6 14. Ng5 Bxg2 15.
Kxg2 Qc6+ 16. Kg1 h6 17. Nge4 Be7 18. Nxf6+ Nxf6 19. Ne4 Nxe4 20. dxe4 Qxe4 21.
Qd3 Qc6 22. f3 O-O 23. e3 f5 24. e4 f4 25. g4 Rab8 26. Bc1 Bd6 27. Rf2 Rxb1 28.
Qxb1 Rb8 29. Rb2 Rxb2 30. Qxb2 Qa6 31. Qc2 Bc7 32. Bd2 Qc6 33. Be1 Qd7 34. Kg2
Kh7 35. h3 Kg6 36. Kh2 Bd8 37. Kg2 h5 38. Kh2 hxg4 39. hxg4 Qc6 40. Kg2 Kh7 41.
Kg1 Bf6 42. Kg2 Bg5 43. Kg1 Qd7 44. Qd3 Qb7 45. Qc2 Qb3 46. Qh2+ Kg6 47. Qh5+
Kf6 48. Kg2 Qxc4 49. Qe8 d3 50. Ba5 Qf7 51. Bd8+ Kg6 52. Qc6+ Bf6 53. Bxf6 gxf6
54. Qxa4 d2 55. Qd1 Qd7 56. Kh2 c4 57. a4 Qd3 58. a5 c3 0-1

[Event "Winnipeg TNT 2023.02"]
[Site "Winnipeg CAN"]
[Date "2023.02.28"]
[Round "4.6"]
[White "Klokow, John"]
[Black "Zhang, Ziqin"]
[Result "1-0"]
[WhiteElo "1652"]
[BlackElo "1098"]
[PlyCount "22"]
[EventDate "2023.02.07"]
[EventType "swiss"]
[EventRounds "4"]
[EventCountry "CAN"]

1. e4 c5 2. Nf3 e6 3. d4 d5 4. exd5 exd5 5. Bb5+ Nc6 6. O-O Nf6 7. Re1+ Be7 8.
Ne5 Bd7 9. Nxd7 Qxd7 10. dxc5 O-O 11. b4 Nxb4 1-0

[Event "Winnipeg TNT 2023.02"]
[Site "Winnipeg CAN"]
[Date "2023.02.28"]
[Round "4.8"]
[White "March, John"]
[Black "Nouri, Basir"]
[Result "1-0"]
[WhiteElo "1359"]
[BlackElo "1452"]
[PlyCount "59"]
[EventDate "2023.02.07"]
[EventType "swiss"]
[EventRounds "4"]
[EventCountry "CAN"]

1. c4 e5 2. g3 d6 3. Bg2 Nc6 4. Nf3 Bd7 5. O-O Nf6 6. d3 Bg4 7. Nc3 Bxf3 8.
Bxf3 Rb8 9. Nd5 Nxd5 10. Bxd5 Be7 11. e4 O-O 12. Be3 Nb4 13. Bxa7 Ra8 14. Be3
c6 15. Qb3 Na6 16. Qxb7 cxd5 17. Qxd5 Nb4 18. Qb7 Nxd3 19. Qb3 Nc5 20. Bxc5
dxc5 21. Rfd1 Qc7 22. Rd5 Rad8 23. Rad1 Rxd5 24. Rxd5 Rd8 25. a4 Rxd5 26. exd5
Bd6 27. Qb5 Kf8 28. a5 Qb8 29. a6 Qxb5 30. cxb5 1-0

[Event "Winnipeg TNT 2023.04"]
[Site "Winnipeg CAN"]
[Date "2023.04.04"]
[Round "1.1"]
[White "Hassain, Mahmud"]
[Black "Odeyemi, Emmanuel"]
[Result "1-0"]
[WhiteElo "1979"]
[BlackElo "1508"]
[PlyCount "81"]
[EventDate "2023.04.04"]
[EventType "swiss"]
[EventRounds "4"]
[EventCountry "CAN"]

1. Nf3 d5 2. e3 c5 3. c4 e6 4. b3 Qf6 5. Nc3 d4 6. exd4 cxd4 7. Ne4 Qd8 8. Bb2
Nc6 9. a3 Nf6 10. Bd3 Be7 11. b4 O-O 12. Qc2 Ng4 13. Be2 Nge5 14. d3 Nxf3+ 15.
Bxf3 Ne5 16. Be2 Ng6 17. g3 e5 18. Bf3 Re8 19. h4 Bf8 20. h5 Ne7 21. h6 Nf5 22.
hxg7 Bxg7 23. O-O-O Re6 24. Rh5 Rh6 25. Rdh1 Rxh5 26. Rxh5 Nd6 27. Kb1 Bf5 28.
Nxd6 Bg6 29. Nxb7 Qf6 30. Qe2 Bxh5 31. Bxh5 Qg5 32. Nd6 f6 33. Bf7+ Kf8 34. Bd5
Rd8 35. Nf7 Qf5 36. Nxd8 Qc8 37. Ne6+ Kf7 38. Nxd4+ Kg6 39. Be6 Qa6 40. Qg4+
Kh6 41. Nf5# 1-0

[Event "Winnipeg TNT 2023.04"]
[Site "Winnipeg CAN"]
[Date "2023.04.04"]
[Round "1.2"]
[White "Roberts, Allan"]
[Black "Rutter, Blair"]
[Result "0-1"]
[WhiteElo "1402"]
[BlackElo "1853"]
[PlyCount "124"]
[EventDate "2023.04.04"]
[EventType "swiss"]
[EventRounds "4"]
[EventCountry "CAN"]

1. e4 e6 2. d4 d5 3. Nc3 Nf6 4. Bg5 Be7 5. e5 Nfd7 6. Bxe7 Qxe7 7. Bd3 a6 8. f4
c5 9. Nf3 Nc6 10. Ne2 c4 11. Bxh7 Rxh7 12. Ng5 Rh6 13. c3 Nf8 14. Qd2 Bd7 15.
g4 b5 16. Ng3 Nh7 17. Nf3 Nf8 18. Nh5 Rh7 19. Ng5 O-O-O 20. Nxh7 Qh4+ 21. Qf2
Qxf2+ 22. Kxf2 Nxh7 23. Kf3 g6 24. Ng3 f6 25. h4 fxe5 26. fxe5 Rf8+ 27. Ke3 Kd8
28. g5 Ne7 29. Raf1 Nf5+ 30. Nxf5 exf5 31. Kf4 Re8 32. Rfg1 Rg8 33. Rg2 Ke7 34.
Rhh2 Ke6 35. b3 Nf8 36. bxc4 dxc4 37. a3 Rh8 38. Rh1 Bc6 39. Rgg1 Bxh1 40. Rxh1
Kd5 41. h5 Ne6+ 42. Ke3 gxh5 43. g6 Rh6 44. Rg1 Ng7 45. Kf4 h4 46. Kg5 Rh8 47.
Rh1 h3 48. Kf6 Nh5+ 49. Kf7 Rb8 50. g7 Rb7+ 51. Kf8 Rxg7 52. Rxh3 Rg5 53. Re3
Nf4 54. Kf7 Ne6 55. Kf6 f4 56. Rf3 Rg3 57. Rf1 Rxc3 58. Rh1 Nxd4 59. Rd1 Rd3
60. Rh1 Ne6 61. Rh7 Nc5 62. Rd7+ Nxd7+ 0-1

[Event "Winnipeg TNT 2023.04"]
[Site "Winnipeg CAN"]
[Date "2023.04.04"]
[Round "1.3"]
[White "Pottinger, Carl"]
[Black "March, John"]
[Result "1-0"]
[WhiteElo "1816"]
[BlackElo "1402"]
[PlyCount "65"]
[EventDate "2023.04.04"]
[EventType "swiss"]
[EventRounds "4"]
[EventCountry "CAN"]

1. c4 e5 2. g3 Nf6 3. Bg2 Nc6 4. Nc3 Bc5 5. e3 O-O 6. Nge2 d6 7. O-O Be6 8. d4
exd4 9. exd4 Bb4 10. d5 Bd7 11. dxc6 Bxc6 12. Bxc6 bxc6 13. Bg5 Bxc3 14. Nxc3
Qd7 15. Bxf6 gxf6 16. Re1 Qf5 17. Qd2 Kg7 18. Re3 Rfe8 19. Rae1 Rxe3 20. Qxe3
Qd7 21. Qe7 Rd8 22. Qxd7 Rxd7 23. Re3 d5 24. Rd3 d4 25. Na4 f5 26. b4 Kf6 27.
f4 Ke7 28. Nc5 Rd6 29. Nb3 c5 30. Nxc5 a6 31. Nb3 Kd7 32. Rxd4 Rxd4 33. Nxd4
1-0

[Event "Winnipeg TNT 2023.04"]
[Site "Winnipeg CAN"]
[Date "2023.04.04"]
[Round "1.4"]
[White "Repaka, Prabhav"]
[Black "Dhillon, Iqvinder"]
[Result "0-1"]
[WhiteElo "1335"]
[BlackElo "1810"]
[PlyCount "104"]
[EventDate "2023.04.04"]
[EventType "swiss"]
[EventRounds "4"]
[EventCountry "CAN"]

1. d4 e6 2. e4 b6 3. Nc3 Bb4 4. Bd3 Bb7 5. Nge2 Nf6 6. O-O d5 7. e5 Ne4 8. f3
Nxc3 9. bxc3 Be7 10. Ng3 c5 11. f4 g6 12. Be3 c4 13. Be2 h5 14. h3 Ba3 15. Qe1
Nc6 16. Qd2 Ne7 17. f5 Nxf5 18. Nxf5 exf5 19. Bg5 Be7 20. Bxe7 Qxe7 21. a4 Kf8
22. Rab1 Kg7 23. Bf3 Bc6 24. Qe3 Qe6 25. Rb4 Bd7 26. Qg5 Bc6 27. g3 f6 28.
exf6+ Qxf6 29. Qf4 Rae8 30. Ra1 Qe6 31. Kf2 Re7 32. Rbb1 Rhe8 33. Qd2 Qe3+ 34.
Qxe3 Rxe3 35. a5 b5 36. Ra3 a6 37. h4 R8e6 38. Rd1 b4 39. Ra2 Rxc3 40. Rf1 Ree3
41. Kg2 b3 42. cxb3 cxb3 43. Rb2 Kf6 44. Rff2 Ke7 45. Rbe2 Kd6 46. Rxe3 Rxe3
47. Re2 Rc3 48. Kf1 Bb5 49. Ke1 Bxe2 50. Bxe2 b2 51. Kd2 Rb3 52. Bd3 Rxd3+ 0-1

[Event "Winnipeg TNT 2023.04"]
[Site "Winnipeg CAN"]
[Date "2023.04.04"]
[Round "1.5"]
[White "Atem, James"]
[Black "Nouri, Basir"]
[Result "1-0"]
[WhiteElo "1803"]
[BlackElo "1286"]
[PlyCount "53"]
[EventDate "2023.04.04"]
[EventType "swiss"]
[EventRounds "4"]
[EventCountry "CAN"]

1. e4 e5 2. Nc3 c6 3. Nf3 d6 4. d4 exd4 5. Qxd4 Ne7 6. Bf4 Ng6 7. Bg3 f6 8.
O-O-O Be6 9. h4 c5 10. Bb5+ Nc6 11. Qa4 Qc7 12. Nd5 Qd7 13. Nb6 axb6 14. Qxa8+
Kf7 15. h5 Nge7 16. Rxd6 Qc8 17. Qa4 g5 18. hxg6+ Kxg6 19. Kb1 Bg7 20. a3 f5
21. exf5+ Nxf5 22. Qg4+ Kf6 23. Rxc6 bxc6 24. Be5+ Kf7 25. Ng5+ Kg8 26. Nxe6
Qxe6 27. Bc4 1-0

[Event "Winnipeg TNT 2023.04"]
[Site "Winnipeg CAN"]
[Date "2023.04.04"]
[Round "1.8"]
[White "Ash, Cory"]
[Black "Hansima, Charitha"]
[Result "0-1"]
[WhiteElo "980"]
[BlackElo "1729"]
[PlyCount "82"]
[EventDate "2023.04.04"]
[EventType "swiss"]
[EventRounds "4"]
[EventCountry "CAN"]

1. e4 d5 2. Nc3 dxe4 3. Nxe4 Bf5 4. Qf3 e6 5. Bb5+ c6 6. Ba4 Qd4 7. Nc3 Nf6 8.
Nge2 Qe5 9. d4 Qa5 10. O-O Nbd7 11. Bg5 Bg4 12. Qe3 Bxe2 13. Bxc6 Bxf1 14.
Bxd7+ Nxd7 15. d5 Bc4 16. Qe4 Bxd5 17. Qd4 Qb6 18. Qd2 Bc6 19. Re1 Nf6 20. Rd1
Be7 21. Bxf6 Bxf6 22. Ne4 O-O 23. Nxf6+ gxf6 24. Qf4 Qxb2 25. h4 f5 26. f3 Qg7
27. Kh2 Rad8 28. Rg1 Rd4 29. g3 Rxf4 30. gxf4 Qxg1+ 31. Kxg1 Bxf3 32. Kf2 Bg4
33. Ke3 Rd8 34. a4 Kg7 35. c4 Kf6 36. a5 e5 37. c5 e4 38. Kf2 Rd3 39. Kg2 e3
40. Kf1 e2+ 41. Ke1 Rd1+ 0-1

[Event "Winnipeg TNT 2023.04"]
[Site "Winnipeg CAN"]
[Date "2023.04.04"]
[Round "1.9"]
[White "MacPherson, Al"]
[Black "Schwartz, Elazar"]
[Result "0-1"]
[WhiteElo "1682"]
[BlackElo "779"]
[PlyCount "116"]
[EventDate "2023.04.04"]
[EventType "swiss"]
[EventRounds "4"]
[EventCountry "CAN"]

1. b3 Nf6 2. Bb2 g6 3. e4 Bg7 4. e5 Nd5 5. c4 Nb6 6. d4 d6 7. f4 Bf5 8. Nc3 Nc6
9. d5 Nb8 10. g4 Bd7 11. Qe2 dxe5 12. fxe5 Qc8 13. h3 c6 14. Nf3 cxd5 15. cxd5
e6 16. Rc1 Qd8 17. Qe4 exd5 18. Nxd5 Bc6 19. Rxc6 Nxc6 20. Nf6+ Bxf6 21. exf6+
Kd7 22. Kf2 Re8 23. Qc2 a6 24. Bb5 Qc7 25. Bxc6+ bxc6 26. Rd1+ Kc8 27. Be5 Qb7
28. Rd6 Re6 29. Rxe6 fxe6 30. f7 Nd7 31. Qc5 Qa7 32. Qxa7 Rxa7 33. Nd4 Nf8 34.
Nxc6 Rxf7+ 35. Kg3 Nd7 36. Bd6 Rf1 37. a3 Rd1 38. Be7 Rd3+ 39. Kh4 Rxb3 40. Nd4
Re3 41. Nc2 Re4 42. Nb4 Kb7 43. Nd3 Ra4 44. Nf2 Kc6 45. Nd1 Nc5 46. Ne3 Rxa3
47. Nc4 Ra2 48. Ne5+ Kd5 49. Nf3 a5 50. Ng5 h6 51. Nf7 a4 52. Nxh6 a3 53. g5
Rd2 54. Ng4 a2 55. Ne3+ Kd4 56. Ng4 e5 57. Bf6 Nd7 58. Bg7 a1=Q 0-1

[Event "Winnipeg TNT 2023.04"]
[Site "Winnipeg CAN"]
[Date "2023.04.11"]
[Round "2.1"]
[White "Rutter, Blair"]
[Black "Zhou, Joe"]
[Result "1/2-1/2"]
[WhiteElo "1853"]
[BlackElo "1525"]
[PlyCount "135"]
[EventDate "2023.04.04"]
[EventType "swiss"]
[EventRounds "4"]
[EventCountry "CAN"]

1. c4 c5 2. g3 g6 3. Bg2 Bg7 4. Nc3 Nc6 5. e4 d6 6. Nge2 f5 7. d3 e5 8. Rb1 Rb8
9. f4 Nge7 10. Be3 O-O 11. O-O a6 12. Qd2 b5 13. b3 b4 14. Nd5 Nxd5 15. exd5
Ne7 16. fxe5 Bxe5 17. Rbd1 Bd7 18. d4 cxd4 19. Bxd4 Bxd4+ 20. Nxd4 Qb6 21. Kh1
Rf6 22. Rde1 Re8 23. Qf4 Kg7 24. Re2 h6 25. Rfe1 Qd8 26. h3 g5 27. Qd2 a5 28.
Qd1 Kf7 29. Ne6 Bxe6 30. Rxe6 Rxe6 31. Rxe6 Ng8 32. Qh5+ Kf8 33. Qg6 Rxe6 34.
dxe6 Qf6 35. e7+ Qxe7 36. Qxf5+ Nf6 37. Qxa5 Nh5 38. Qf5+ Kg7 39. Kh2 Qf7 40.
Qg4 Nf6 41. Qd4 Qe6 42. Qb6 Nh5 43. Qb7+ Kg6 44. Qf3 Qe5 45. Qg4 Nf6 46. Qf3
Nh5 47. Qd3+ Kf6 48. Bd5 Ng7 49. Qh7 Qe2+ 50. Bg2 Qh5 51. Qg8 Qe8 52. Qd5 Qe5
53. Qd2 Nf5 54. Qf2 Qe3 55. Qxe3 Nxe3 56. Be4 Nd1 57. Kg2 Nc3 58. Bc2 Nxa2 59.
Kf3 h5 60. Ke3 Ke5 61. Bd1 h4 62. gxh4 Nc3 63. Bc2 gxh4 64. Bg6 Nd1+ 65. Ke2
Nc3+ 66. Kd3 Na2 67. Ke3 Nc3 68. Bc2 1/2-1/2